LEADER 00788cam--2200301---450 001 990001182410203316 005 20200330091719.0 035 $a000118241 035 $aUSA01000118241 035 $a(ALEPH)000118241USA01 035 $a000118241 100 $a20031001d1896----km-y0itay0103----ba 101 $aita 102 $aIT 105 $a||||||||001yy 200 1 $aA trent'anni$fLuigi Antonio Villari 210 $aTrani$cVecchi$d1896 215 $a770 p.$d24 cm 600 0 $aVillari,$bLuigi Antonio$2BNCF 676 $a807 700 1$aVILLARI,$bLuigi Antonio$0176897 801 0$aIT$bsalbc$gISBD 912 $a990001182410203316 951 $aXVII A.A. 712$b1929 DLAS$cXVII A.A.$d00153278 959 $aBK 969 $aCAS 996 $aA trent'anni$9982538 997 $aUNISA